[Event "Titled Tuesday intern op 27th Feb Late"]
[Site "Chess.com INT"]
[Date "2024.02.27"]
[Round "2"]
[White "Desideri, Ricardo Maruchi"]
[Black "Blanco Diez, David"]
[Result "0-1"]
[WhiteElo "1959"]
[BlackElo "2308"]
[PlyCount "40"]
[EventDate "2024.02.27"]
[EventType "swiss (blitz)"]
[EventRounds "11"]
[EventCountry "USA"]
[SourceTitle "CB10_2024"]
[SourceDate "2024.03.06"]
[SourceVersion "1"]
[SourceVersionDate "2024.03.06"]
[SourceQuality "1"]

1. e4 c5 2. Nf3 e6 3. d4 cxd4 4. Nxd4 Nf6 5. Nc3 Nc6 6. Nxc6 bxc6 7. e5 Nd5 8. Ne4 Qc7 9. f4 Rb8 10. c4 Bb4+ 11. Bd2 Nxf4 12. Bxb4 Qxe5 13. Qf3 Rxb4 14. g3 Ng6 15. Be2 f5 16. Nc3 Rxb2 17. 0-0 0-0 18. Rae1 Ba6 19. Kh1 c5 20. Na4 Bb7 0-1

[Event "Titled Tuesday intern op 27th Feb Late"]
[Site "Chess.com INT"]
[Date "2024.02.27"]
[Round "5"]
[White "Desideri, Ricardo Maruchi"]
[Black "Eggleston, Thomas"]
[Result "1-0"]
[WhiteElo "1959"]
[BlackElo "2188"]
[PlyCount "71"]
[EventDate "2024.02.27"]
[EventType "swiss (blitz)"]
[EventRounds "11"]
[EventCountry "USA"]
[SourceTitle "CB10_2024"]
[SourceDate "2024.03.06"]
[SourceVersion "1"]
[SourceVersionDate "2024.03.06"]
[SourceQuality "1"]

1. e4 e6 2. d4 d5 3. e5 c5 4. c3 Nc6 5. Nf3 Qb6 6. Bd3 Nh6 7. 0-0 cxd4 8. Re1 Nf5 9. Bxf5 exf5 10. Nxd4 Be6 11. Qa4 Be7 12. Na3 0-0 13. Nab5 a6 14. Nd6 Bxd6 15. exd6 Nxd4 16. cxd4 Qxd6 17. b3 f4 18. Ba3 Qd8 19. Bxf8 Qxf8 20. Qa5 f3 21. g3 Qe7 22. Qxd5 Qf6 23. Qxb7 Rf8 24. Re5 Qd8 25. d5 Bc8 26. Qe7 Qb6 27. Rae1 g6 28. d6 Be6 29. d7 Qd8 30. Rxe6 fxe6 31. Qxe6+ Kh8 32. Qe5+ Kg8 33. Qd5+ Kh8 34. Qd6 Kg8 35. Re7 Kh8 36. Qd4+ 1-0

[Event "Titled Tuesday intern op 27th Feb Late"]
[Site "Chess.com INT"]
[Date "2024.02.27"]
[Round "3"]
[White "Desideri, Ricardo Maruchi"]
[Black "Mesa Cruz, Juan Carlos"]
[Result "1-0"]
[WhiteElo "1959"]
[BlackElo "2126"]
[PlyCount "47"]
[EventDate "2024.02.27"]
[EventType "swiss (blitz)"]
[EventRounds "11"]
[EventCountry "USA"]
[SourceTitle "CB10_2024"]
[SourceDate "2024.03.06"]
[SourceVersion "1"]
[SourceVersionDate "2024.03.06"]
[SourceQuality "1"]

1. e4 c5 2. Nf3 d6 3. d4 cxd4 4. Nxd4 Nf6 5. Nc3 a6 6. Rg1 e5 7. Nb3 b5 8. g4 Bb7 9. g5 Nxe4 10. Nxe4 Bxe4 11. Qg4 Bb7 12. Be3 Nd7 13. 0-0-0 Qc7 14. Kb1 Rc8 15. Rc1 d5 16. Bh3 Bd6 17. Rge1 Qd8 18. f4 Rc4 19. Na5 Bc8 20. Nxc4 bxc4 21. fxe5 Nxe5 22. Qxc8 0-0 23. Qxd8 Rxd8 24. Bf4 1-0

[Event "Titled Tuesday intern op 06th Feb Late"]
[Site "Chess.com INT"]
[Date "2024.02.06"]
[Round "5"]
[White "Desideri, Ricardo Maruchi"]
[Black "Hubbard, Andrew"]
[Result "0-1"]
[WhiteElo "1959"]
[BlackElo "2109"]
[PlyCount "58"]
[EventDate "2024.02.06"]
[EventType "swiss (blitz)"]
[EventRounds "11"]
[EventCountry "USA"]
[SourceTitle "CB07_2024"]
[SourceDate "2024.02.14"]
[SourceVersion "1"]
[SourceVersionDate "2024.02.14"]
[SourceQuality "1"]

1. e4 e6 2. d4 d5 3. e5 c5 4. c3 Nc6 5. Nf3 Bd7 6. Bd3 cxd4 7. 0-0 Qb6 8. Re1 Nge7 9. a3 a6 10. b4 Ng6 11. h4 Be7 12. h5 Nh4 13. g3 Nxf3+ 14. Qxf3 0-0 15. h6 g6 16. Qg4 f6 17. Bxg6 Kh8 18. Bxh7 Rg8 19. Bxg8 Rxg8 20. Qh5 Be8 21. Qh3 Nxe5 22. Qg2 Bh5 23. Rxe5 fxe5 24. Bd2 e4 25. cxd4 Bf3 26. Qh3 Bf6 27. Bc3 Bxd4 28. Bxd4+ Qxd4 29. Nd2 Qxa1+ 0-1

[Event "Titled Tuesday intern op 06th Feb Late"]
[Site "Chess.com INT"]
[Date "2024.02.06"]
[Round "6"]
[White "Jiganchine, Roman"]
[Black "Desideri, Ricardo Maruchi"]
[Result "1-0"]
[WhiteElo "2205"]
[BlackElo "1959"]
[PlyCount "77"]
[EventDate "2024.02.06"]
[EventType "swiss (blitz)"]
[EventRounds "11"]
[EventCountry "USA"]
[SourceTitle "CB07_2024"]
[SourceDate "2024.02.14"]
[SourceVersion "1"]
[SourceVersionDate "2024.02.14"]
[SourceQuality "1"]

1. Nf3 Nf6 2. c4 g6 3. Nc3 Bg7 4. e4 d6 5. d4 0-0 6. Be2 e5 7. 0-0 Nbd7 8. Re1 a6 9. Be3 Qe7 10. d5 b6 11. Nd2 a5 12. f3 Nc5 13. Qc2 Nh5 14. b3 f5 15. a3 f4 16. Bf2 g5 17. b4 Nd7 18. c5 bxc5 19. bxc5 Nxc5 20. Nb5 Nf6 21. Rec1 Rf7 22. Bxc5 dxc5 23. Qxc5 Ne8 24. Qxe7 Rxe7 25. a4 h5 26. Nb3 g4 27. Nc5 Kh7 28. Rab1 Kh6 29. Nb3 Kg5 30. Rc6 h4 31. Rbc1 Rb8 32. Nxa5 Bd7 33. R6c5 Ra8 34. Nc6 Bxc6 35. Rxc6 Rxa4 36. Nxc7 Nxc7 37. Rxc7 Bf8 38. d6 Rxc7 39. dxc7 1-0

[Event "Titled Tuesday intern op 06th Feb Late"]
[Site "Chess.com INT"]
[Date "2024.02.06"]
[Round "4"]
[White "Ortega Amarelle, Mariano"]
[Black "Desideri, Ricardo Maruchi"]
[Result "1-0"]
[WhiteElo "2482"]
[BlackElo "1959"]
[PlyCount "55"]
[EventDate "2024.02.06"]
[EventType "swiss (blitz)"]
[EventRounds "11"]
[EventCountry "USA"]
[SourceTitle "CB07_2024"]
[SourceDate "2024.02.14"]
[SourceVersion "1"]
[SourceVersionDate "2024.02.14"]
[SourceQuality "1"]

1. c4 Nf6 2. Nc3 g6 3. d4 Bg7 4. e4 d6 5. f3 0-0 6. Be3 c5 7. Nge2 Nbd7 8. d5 e6 9. Ng3 exd5 10. cxd5 Re8 11. Be2 h5 12. 0-0 h4 13. Nh1 Nh5 14. Nf2 a6 15. a4 f5 16. Qd2 Ndf6 17. Bg5 Qb6 18. Bxh4 fxe4 19. fxe4 Kh7 20. a5 Qa7 21. Na4 b5 22. axb6 Qb7 23. g4 Nxe4 24. Nxe4 Rxe4 25. gxh5 Rxh4 26. hxg6+ Kg8 27. Qg5 Rh6 28. Qd8+ 1-0

[Event "Titled Tuesday intern op 7th Mar Late"]
[Site "Chess.com INT"]
[Date "2023.03.07"]
[Round "10"]
[White "Bongo Akanga Ndjila, Barthelemy"]
[Black "Desideri, Ricardo Maruchi"]
[Result "1/2-1/2"]
[WhiteElo "1824"]
[BlackElo "1959"]
[PlyCount "78"]
[EventDate "2023.03.07"]
[EventType "swiss (blitz)"]
[EventRounds "11"]
[EventCountry "USA"]
[SourceTitle "EXT 2024"]
[Source "ChessBase"]
[SourceDate "2023.10.10"]
[SourceVersion "1"]
[SourceVersionDate "2023.10.10"]
[SourceQuality "1"]

1. d4 Nf6 2. c4 c5 3. d5 e6 4. Nc3 exd5 5. cxd5 d6 6. Nf3 g6 7. Bf4 a6 8. a4 Bg7 9. e3 0-0 10. h3 Re8 11. Bd3 Nbd7 12. 0-0 Ne5 13. Bxe5 dxe5 14. e4 Nd7 15. a5 b5 16. axb6 Qxb6 17. Qc2 Rb8 18. Ra2 Qb4 19. Nd2 Nb6 20. Bxa6 Bxa6 21. Rxa6 Nc4 22. Nxc4 Qxc4 23. Ra4 Rb4 24. Rfa1 Reb8 25. Qc1 Qb3 26. Rxb4 cxb4 27. Na4 Ra8 28. Nc5 Rxa1 29. Qxa1 Qc4 30. Qa8+ Bf8 31. Nd7 Qc1+ 32. Kh2 Qf4+ 33. Kg1 Qc1+ 34. Kh2 Qf4+ 35. g3 Qxf2+ 36. Kh1 Qf1+ 37. Kh2 Qf2+ 38. Kh1 Qf1+ 39. Kh2 Qf2+ 1/2-1/2

[Event "Titled Tuesday intern op 7th Mar Late"]
[Site "Chess.com INT"]
[Date "2023.03.07"]
[Round "6"]
[White "Desideri, Ricardo Maruchi"]
[Black "Marin, Sebastian"]
[Result "0-1"]
[WhiteElo "1959"]
[BlackElo "2269"]
[PlyCount "82"]
[EventDate "2023.03.07"]
[EventType "swiss (blitz)"]
[EventRounds "11"]
[EventCountry "USA"]
[SourceTitle "EXT 2024"]
[Source "ChessBase"]
[SourceDate "2023.10.10"]
[SourceVersion "1"]
[SourceVersionDate "2023.10.10"]
[SourceQuality "1"]

1. e4 e5 2. f4 exf4 3. Bc4 Nf6 4. Nc3 c6 5. Nf3 d5 6. exd5 cxd5 7. Bb5+ Nc6 8. 0-0 Be7 9. Re1 d4 10. Bxc6+ bxc6 11. Ne4 0-0 12. d3 Nd5 13. c4 Ne3 14. Qe2 f5 15. Ned2 Bf6 16. Nf1 Bb7 17. Nxe3 fxe3 18. Rf1 c5 19. a3 a5 20. b3 Qd6 21. Bb2 g5 22. b4 g4 23. Ne1 axb4 24. axb4 Rxa1 25. Bxa1 Be5 26. g3 h5 27. bxc5 Qc7 28. Ng2 Qc6 29. Bb2 Kg7 30. Ra1 Ra8 31. Rxa8 Bxa8 32. Kf1 h4 33. gxh4 Bxh2 34. Bxd4+ Kg6 35. Bxe3 Qf6 36. Nf4+ Bxf4 37. Bxf4 Qxh4 38. Qe6+ Qf6 39. Qxf6+ Kxf6 40. d4 Be4 41. d5 Bd3+ 0-1

[Event "Titled Tuesday intern op 7th Mar Late"]
[Site "Chess.com INT"]
[Date "2023.03.07"]
[Round "4"]
[White "Desideri, Ricardo Maruchi"]
[Black "Vila Dupla, Aurelio"]
[Result "1-0"]
[WhiteElo "1959"]
[BlackElo "2030"]
[PlyCount "63"]
[EventDate "2023.03.07"]
[EventType "swiss (blitz)"]
[EventRounds "11"]
[EventCountry "USA"]
[SourceTitle "EXT 2024"]
[Source "ChessBase"]
[SourceDate "2023.10.10"]
[SourceVersion "1"]
[SourceVersionDate "2023.10.10"]
[SourceQuality "1"]

1. e4 c5 2. Nf3 d6 3. d4 cxd4 4. Nxd4 Nf6 5. Nc3 g6 6. Rg1 Bg7 7. g4 0-0 8. g5 Nfd7 9. Be3 Nc6 10. f4 Qa5 11. Qd2 e5 12. Nb3 Qc7 13. Nd5 Qd8 14. f5 Re8 15. f6 Bf8 16. h4 Nb6 17. Bxb6 axb6 18. h5 Be6 19. hxg6 fxg6 20. Bc4 Bf7 21. Rh1 Na5 22. Qh2 h5 23. Nxa5 Rxa5 24. Rf1 Rc5 25. Ne7+ Bxe7 26. Bxf7+ Kxf7 27. fxe7+ Kxe7 28. 0-0-0 Rf8 29. Qh3 Rc8 30. Rxf8 Kxf8 31. Qe6 Kg7 32. Rxd6 1-0

[Event "Titled Tuesday intern op 7th Mar Late"]
[Site "Chess.com INT"]
[Date "2023.03.07"]
[Round "8"]
[White "Desideri, Ricardo Maruchi"]
[Black "Winkels, Marcel"]
[Result "1-0"]
[WhiteElo "1959"]
[BlackElo "1949"]
[PlyCount "77"]
[EventDate "2023.03.07"]
[EventType "swiss (blitz)"]
[EventRounds "11"]
[EventCountry "USA"]
[SourceTitle "EXT 2024"]
[Source "ChessBase"]
[SourceDate "2023.10.10"]
[SourceVersion "1"]
[SourceVersionDate "2023.10.10"]
[SourceQuality "1"]

1. e4 d5 2. exd5 Nf6 3. Bb5+ c6 4. dxc6 Nxc6 5. Bxc6+ bxc6 6. Nc3 e5 7. d3 Bg4 8. Nf3 Bd6 9. 0-0 0-0 10. Re1 Re8 11. Bg5 h6 12. Bxf6 Qxf6 13. Ne4 Qd8 14. Nxd6 Qxd6 15. h3 Bh5 16. g4 Bg6 17. Qe2 e4 18. dxe4 Rxe4 19. Qd3 Qe6 20. Rxe4 Bxe4 21. Qe3 Qd5 22. c4 Qe6 23. Nd4 Qe8 24. Re1 c5 25. Qxe4 Qxe4 26. Rxe4 cxd4 27. Rxd4 Kf8 28. b4 Ke7 29. a4 Rb8 30. c5 a5 31. b5 Ke6 32. f4 g5 33. Rd6+ Ke7 34. f5 Rc8 35. f6+ Ke8 36. c6 Rb8 37. c7 Rc8 38. b6 h5 39. b7 1-0

[Event "Titled Tuesday intern op 7th Mar Late"]
[Site "Chess.com INT"]
[Date "2023.03.07"]
[Round "5"]
[White "Rian, Kapriaga"]
[Black "Desideri, Ricardo Maruchi"]
[Result "1-0"]
[WhiteElo "2089"]
[BlackElo "1959"]
[PlyCount "79"]
[EventDate "2023.03.07"]
[EventType "swiss (blitz)"]
[EventRounds "11"]
[EventCountry "USA"]
[SourceTitle "EXT 2024"]
[Source "ChessBase"]
[SourceDate "2023.10.10"]
[SourceVersion "1"]
[SourceVersionDate "2023.10.10"]
[SourceQuality "1"]

1. d4 Nf6 2. Nf3 d6 3. Nc3 g6 4. Bf4 Bg7 5. e3 0-0 6. Be2 Nc6 7. h4 Re8 8. h5 Nxh5 9. Rxh5 gxh5 10. Qd2 e5 11. Bg3 e4 12. Ng1 Qg5 13. 0-0-0 h4 14. Bf4 Qa5 15. Nh3 Bxh3 16. gxh3 Kh8 17. Rg1 a6 18. Bc4 Re7 19. Nd5 Qxd2+ 20. Kxd2 Rd7 21. Rg4 b5 22. Bb3 Na5 23. Rxh4 Nxb3+ 24. axb3 a5 25. Bg5 a4 26. bxa4 bxa4 27. Bf6 a3 28. bxa3 Rxa3 29. Rg4 Bxf6 30. Nxf6 Rd8 31. h4 c5 32. d5 c4 33. h5 c3+ 34. Ke2 Ra2 35. h6 Rxc2+ 36. Kf1 Rc1+ 37. Kg2 c2 38. Rg7 Rg1+ 39. Kxg1 c1Q+ 40. Kg2 1-0

[Event "Titled Tuesday intern op 28th Feb Late"]
[Site "Chess.com INT"]
[Date "2023.02.28"]
[Round "6"]
[White "Desideri, Ricardo Maruchi"]
[Black "Prieto Aranguren, Alain"]
[Result "0-1"]
[WhiteElo "1959"]
[BlackElo "2268"]
[PlyCount "56"]
[EventDate "2023.02.28"]
[EventType "swiss (blitz)"]
[EventRounds "11"]
[EventCountry "USA"]
[SourceTitle "CBM 213 Extra"]
[Source "ChessBase"]
[SourceDate "2023.05.31"]
[SourceVersion "1"]
[SourceVersionDate "2023.05.31"]
[SourceQuality "1"]

1. e4 c6 2. d4 d5 3. e5 Be6 4. f4 Qc8 5. Bd3 h5 6. Nf3 Nh6 7. Ng5 Bf5 8. Nc3 Bxd3 9. Qxd3 Qf5 10. Qe2 e6 11. 0-0 Na6 12. a3 Nc7 13. Qxh5 Be7 14. Qe2 0-0-0 15. Be3 f6 16. Nf3 Ng4 17. Bc1 Rdg8 18. h3 Nh6 19. b4 Qh5 20. b5 c5 21. dxc5 Nf5 22. b6 Bxc5+ 23. Kh2 Bxb6 24. Rb1 g5 25. exf6 gxf4 26. Bxf4 Nh4 27. g3 Nxf3+ 28. Qxf3 Qxh3# 0-1

[Event "Titled Tuesday intern op 28th Feb Late"]
[Site "Chess.com INT"]
[Date "2023.02.28"]
[Round "4"]
[White "Desideri, Ricardo Maruchi"]
[Black "Sanchez Alvares, Kelvin Antonio"]
[Result "0-1"]
[WhiteElo "1959"]
[BlackElo "2250"]
[PlyCount "50"]
[EventDate "2023.02.28"]
[EventType "swiss (blitz)"]
[EventRounds "11"]
[EventCountry "USA"]
[SourceTitle "CBM 213 Extra"]
[Source "ChessBase"]
[SourceDate "2023.05.31"]
[SourceVersion "1"]
[SourceVersionDate "2023.05.31"]
[SourceQuality "1"]

1. e4 e5 2. f4 exf4 3. Bc4 Nc6 4. d4 d6 5. Bxf4 Nf6 6. Nc3 Be7 7. Nf3 0-0 8. 0-0 Nxe4 9. Nxe4 d5 10. Bxd5 Qxd5 11. Nc3 Qa5 12. d5 Nd8 13. Ne4 Bg4 14. Qd4 f5 15. d6 cxd6 16. Nxd6 Ne6 17. Qc4 Qc5+ 18. Qxc5 Nxc5 19. Rae1 Bf6 20. b4 Na6 21. Nxb7 Nxb4 22. Ne5 Bh5 23. Nd7 Bd4+ 24. Kh1 Rf7 25. Nbc5 Rc8 0-1

[Event "Titled Tuesday intern op 28th Feb Late"]
[Site "Chess.com INT"]
[Date "2023.02.28"]
[Round "7"]
[White "Lopez Perdomo, Juan David"]
[Black "Desideri, Ricardo Maruchi"]
[Result "1/2-1/2"]
[WhiteElo "1999"]
[BlackElo "1959"]
[PlyCount "90"]
[EventDate "2023.02.28"]
[EventType "swiss (blitz)"]
[EventRounds "11"]
[EventCountry "USA"]
[SourceTitle "CBM 213 Extra"]
[Source "ChessBase"]
[SourceDate "2023.05.31"]
[SourceVersion "1"]
[SourceVersionDate "2023.05.31"]
[SourceQuality "1"]

1. e4 c5 2. d4 cxd4 3. c3 Nf6 4. e5 Nd5 5. Nf3 e6 6. cxd4 Nc6 7. Be2 d6 8. exd6 Bxd6 9. 0-0 0-0 10. Nc3 a6 11. Bd3 Nf6 12. Bg5 h6 13. Be3 Qc7 14. h3 b5 15. Qd2 Bb7 16. Bxh6 gxh6 17. Qxh6 Qe7 18. Ng5 Bf4 19. Bh7+ Kh8 20. Bd3+ Kg8 21. g3 Bxg5 22. Qxg5+ Kh8 23. Qh6+ Kg8 24. Rae1 Nxd4 25. Qg5+ Kh8 26. Qh4+ Kg7 27. Qxd4 Rh8 28. Re5 Rxh3 29. Rg5+ Kf8 30. Be4 Rd8 31. Qxd8+ Qxd8 32. Bxb7 Ke7 33. Bg2 Rh5 34. Rxh5 Nxh5 35. Re1 Nf6 36. a3 Qd2 37. Re2 Qc1+ 38. Kh2 Nd5 39. Nxd5+ Kd6 40. Nc3 Qh6+ 41. Bh3 Qc1 42. Rd2+ Kc7 43. Re2 Kd6 44. Rd2+ Kc7 45. Re2 Kd6 1/2-1/2

[Event "Titled Tuesday intern op 28th Feb Late"]
[Site "Chess.com INT"]
[Date "2023.02.28"]
[Round "2"]
[White "Souza, Adwilhans Luciano"]
[Black "Desideri, Ricardo Maruchi"]
[Result "0-1"]
[WhiteElo "2285"]
[BlackElo "1959"]
[PlyCount "60"]
[EventDate "2023.02.28"]
[EventType "swiss (blitz)"]
[EventRounds "11"]
[EventCountry "USA"]
[SourceTitle "CBM 213 Extra"]
[Source "ChessBase"]
[SourceDate "2023.05.31"]
[SourceVersion "1"]
[SourceVersionDate "2023.05.31"]
[SourceQuality "1"]

1. e4 c5 2. Nf3 d6 3. d4 cxd4 4. Nxd4 Nf6 5. Nc3 a6 6. Rg1 e6 7. g4 b5 8. g5 Nfd7 9. Be3 Bb7 10. a3 Nb6 11. Qd2 N8d7 12. f4 Be7 13. h4 Rc8 14. 0-0-0 Nc5 15. Bd3 Nba4 16. Nxa4 bxa4 17. h5 e5 18. Nf5 Nb3+ 19. Kb1 Nxd2+ 20. Rxd2 0-0 21. fxe5 dxe5 22. g6 fxg6 23. hxg6 h6 24. Bxh6 gxh6 25. g7 Rxf5 26. exf5 Qc7 27. Rg6 Bg5 28. Re2 e4 29. Bxa6 Bxa6 30. Rxa6 Qc4 0-1

[Event "Titled Tuesday intern op 21st Feb Late"]
[Site "Chess.com INT"]
[Date "2023.02.21"]
[Round "4"]
[White "Desideri, Ricardo Maruchi"]
[Black "Vila Dupla, Aurelio"]
[Result "0-1"]
[WhiteElo "1959"]
[BlackElo "2025"]
[PlyCount "76"]
[EventDate "2023.02.21"]
[EventType "swiss (blitz)"]
[EventRounds "11"]
[EventCountry "USA"]
[SourceTitle "CBM 212 Extra"]
[Source "ChessBase"]
[SourceDate "2023.03.31"]
[SourceVersion "1"]
[SourceVersionDate "2023.03.31"]
[SourceQuality "1"]

1. e4 c5 2. Nf3 d6 3. d4 cxd4 4. Nxd4 Nf6 5. Nc3 g6 6. Be2 Bg7 7. Be3 0-0 8. g4 Nc6 9. g5 Nd7 10. f4 Qb6 11. Nxc6 Qxc6 12. Bd4 e5 13. fxe5 dxe5 14. Be3 Nb6 15. Qd2 Be6 16. 0-0-0 Rac8 17. Kb1 Na4 18. Nd5 Bxd5 19. exd5 Qd6 20. Qa5 Nc5 21. h4 b6 22. Qa3 Rfd8 23. h5 Bf8 24. hxg6 fxg6 25. Qc3 Bg7 26. Qd2 Ne4 27. Qc1 Ng3 28. Rh2 Nxe2 29. Rxe2 e4 30. c3 Re8 31. Qd2 Rcd8 32. Rh2 Rd7 33. Rdh1 Be5 34. Rh3 Ree7 35. Rd1 Bg7 36. Bd4 Bxd4 37. Qxd4 Qc5 38. Qf6 Rf7 0-1

[Event "Titled Tuesday intern op 21st Feb Early"]
[Site "Chess.com INT"]
[Date "2023.02.21"]
[Round "11"]
[White "Desideri, Ricardo Maruchi"]
[Black "Winkels, Marcel"]
[Result "1-0"]
[WhiteElo "1959"]
[BlackElo "1957"]
[PlyCount "53"]
[EventDate "2023.02.21"]
[EventType "swiss (blitz)"]
[EventRounds "11"]
[EventCountry "USA"]
[SourceTitle "CBM 212 Extra"]
[Source "ChessBase"]
[SourceDate "2023.03.31"]
[SourceVersion "1"]
[SourceVersionDate "2023.03.31"]
[SourceQuality "1"]

1. e4 c5 2. Nf3 d6 3. d4 cxd4 4. Nxd4 Nf6 5. Nc3 a6 6. Rg1 h5 7. h3 h4 8. f4 Nbd7 9. Be3 g6 10. Qd2 b5 11. a3 Bb7 12. Bd3 Bg7 13. 0-0-0 0-0 14. Qf2 e5 15. Nde2 Nh5 16. f5 Rc8 17. Rdf1 d5 18. exd5 e4 19. Bxe4 Ndf6 20. Bf3 Nxd5 21. Rd1 Qf6 22. Bd4 Qd6 23. Nxd5 Bxd5 24. Bxg7 Kxg7 25. Rxd5 Qc6 26. Qd4+ Nf6 27. c3 1-0

[Event "Titled Tuesday intern op 21st Feb Early"]
[Site "Chess.com INT"]
[Date "2023.02.21"]
[Round "9"]
[White "Larina, Marija"]
[Black "Desideri, Ricardo Maruchi"]
[Result "1-0"]
[WhiteElo "1948"]
[BlackElo "1959"]
[PlyCount "47"]
[EventDate "2023.02.21"]
[EventType "swiss (blitz)"]
[EventRounds "11"]
[EventCountry "USA"]
[SourceTitle "CBM 212 Extra"]
[Source "ChessBase"]
[SourceDate "2023.03.31"]
[SourceVersion "1"]
[SourceVersionDate "2023.03.31"]
[SourceQuality "1"]

1. e4 c5 2. Nc3 d6 3. d4 cxd4 4. Qxd4 a6 5. b3 Nc6 6. Qd2 g6 7. Bb2 Bg7 8. 0-0-0 e6 9. f3 Bh6 10. f4 Nge7 11. Nd5 Nxd5 12. exd5 e5 13. Re1 Bxf4 14. Qxf4 0-0 15. Qh6 Ne7 16. h4 Bf5 17. Nf3 Nxd5 18. h5 Rc8 19. Bc4 Nb4 20. Ng5 gxh5 21. Rxh5 Bg6 22. Reh1 Qf6 23. Qxh7+ Bxh7 24. Nxh7 1-0

[Event "Titled Tuesday intern op 21st Feb Late"]
[Site "Chess.com INT"]
[Date "2023.02.21"]
[Round "5"]
[White "Lopez Perdomo, Juan David"]
[Black "Desideri, Ricardo Maruchi"]
[Result "1-0"]
[WhiteElo "1999"]
[BlackElo "1959"]
[PlyCount "37"]
[EventDate "2023.02.21"]
[EventType "swiss (blitz)"]
[EventRounds "11"]
[EventCountry "USA"]
[SourceTitle "CBM 212 Extra"]
[Source "ChessBase"]
[SourceDate "2023.03.31"]
[SourceVersion "1"]
[SourceVersionDate "2023.03.31"]
[SourceQuality "1"]

1. e4 c5 2. d4 cxd4 3. c3 Nf6 4. e5 Nd5 5. Nf3 e6 6. cxd4 Nc6 7. Be2 Be7 8. 0-0 0-0 9. Nc3 a6 10. Nxd5 exd5 11. Qb3 d6 12. Qxd5 Be6 13. Qe4 d5 14. Qf4 h6 15. Qg3 Qb6 16. Bxh6 g6 17. Bd3 Kh7 18. Ng5+ Kxh6 19. Nxe6 1-0

[Event "Titled Tuesday intern op 21st Feb Early"]
[Site "Chess.com INT"]
[Date "2023.02.21"]
[Round "3"]
[White "Matveeva, Olga"]
[Black "Desideri, Ricardo Maruchi"]
[Result "1-0"]
[WhiteElo "2111"]
[BlackElo "1959"]
[PlyCount "85"]
[EventDate "2023.02.21"]
[EventType "swiss (blitz)"]
[EventRounds "11"]
[EventCountry "USA"]
[SourceTitle "CBM 212 Extra"]
[Source "ChessBase"]
[SourceDate "2023.03.31"]
[SourceVersion "1"]
[SourceVersionDate "2023.03.31"]
[SourceQuality "1"]

1. d4 Nf6 2. c4 c5 3. d5 e6 4. Nc3 exd5 5. cxd5 d6 6. e4 g6 7. h3 Bg7 8. Nf3 0-0 9. Bd3 Re8 10. 0-0 b5 11. Nxb5 Nxe4 12. Re1 f5 13. Bf4 a6 14. Bxe4 axb5 15. Bd3 c4 16. Bc2 Bxb2 17. Rxe8+ Qxe8 18. Bxd6 Bxa1 19. Qxa1 Nd7 20. Ng5 h6 21. Ne6 Qf7 22. Nc7 Ra7 23. Nxb5 Ra6 24. a4 Qxd5 25. Ba3 Bb7 26. f3 Nc5 27. Nc7 Qc6 28. Nxa6 Nxa6 29. Qd4 Nc7 30. Bb2 Ne8 31. Qh8+ Kf7 32. Qh7+ Ke6 33. Qg8+ Kd7 34. Qf7+ Kc8 35. Qf8 Kb8 36. Be5+ Ka7 37. a5 Ka6 38. Qb4 Nc7 39. Bd4 Nb5 40. Bf2 c3 41. Ba4 Qd5 42. Bxb5+ Qxb5 43. Qd6+ 1-0

[Event "Titled Tuesday intern op 07th Feb Late"]
[Site "Chess.com INT"]
[Date "2023.02.07"]
[Round "8"]
[White "Desideri, Ricardo Maruchi"]
[Black "Tarnowska, Aleksandra"]
[Result "0-1"]
[WhiteElo "1959"]
[BlackElo "1835"]
[PlyCount "50"]
[EventDate "2023.02.07"]
[EventType "swiss (blitz)"]
[EventRounds "11"]
[EventCountry "USA"]
[SourceTitle "EXT 2024"]
[Source "ChessBase"]
[SourceDate "2023.10.10"]
[SourceVersion "1"]
[SourceVersionDate "2023.10.10"]
[SourceQuality "1"]

1. e4 c5 2. Nf3 e6 3. d4 cxd4 4. Nxd4 a6 5. Nc3 Qc7 6. Bd3 Nc6 7. Nb3 b5 8. a3 Bb7 9. Be3 Nf6 10. f3 Be7 11. g4 d6 12. g5 Nd7 13. f4 b4 14. Na4 bxa3 15. bxa3 d5 16. exd5 exd5 17. 0-0 0-0 18. Qh5 g6 19. Qh6 Rfe8 20. Nac5 d4 21. Nxd7 Qxd7 22. Bf2 Bf8 23. Qh4 Qd5 24. Rae1 Ne5 25. Qg3 Qh1# 0-1

[Event "Titled Tuesday intern op 07th Feb Late"]
[Site "Chess.com INT"]
[Date "2023.02.07"]
[Round "9"]
[White "Michalski, Olaf"]
[Black "Desideri, Ricardo Maruchi"]
[Result "0-1"]
[WhiteElo "2273"]
[BlackElo "1959"]
[PlyCount "78"]
[EventDate "2023.02.07"]
[EventType "swiss (blitz)"]
[EventRounds "11"]
[EventCountry "USA"]
[SourceTitle "EXT 2024"]
[Source "ChessBase"]
[SourceDate "2023.10.10"]
[SourceVersion "1"]
[SourceVersionDate "2023.10.10"]
[SourceQuality "1"]

1. d4 Nf6 2. c4 c5 3. d5 e6 4. Nc3 exd5 5. cxd5 d6 6. Nf3 g6 7. Nd2 b6 8. Nc4 Ba6 9. Ne3 Bg7 10. g3 0-0 11. Bg2 Re8 12. a4 Nbd7 13. 0-0 Ne5 14. Nb5 Qd7 15. Qb3 Rac8 16. Nc4 Nxc4 17. Qxc4 Ng4 18. Bh3 f5 19. Bxg4 fxg4 20. e4 Rf8 21. Ra2 Rce8 22. Bf4 h6 23. b3 g5 24. Be3 Qe7 25. Rd1 Bxb5 26. axb5 Qxe4 27. Rxa7 Qxc4 28. bxc4 Re4 29. Rc1 Bd4 30. Bxd4 cxd4 31. Rd7 Re2 32. Rf1 d3 33. Rxd6 d2 34. Re6 Rexf2 35. Rd1 Rf1+ 36. Rxf1 Rxf1+ 37. Kxf1 d1Q+ 38. Kf2 Qd4+ 39. Kg2 Qxc4 0-1